00405nam a22001337a 4500020001800000082001700018100002200035245005500057260006700112270004300179300001500222650001600237650001800253 a9780070589391 a574.29b-PIN aPinchuk , George  aSchaum"s out lines Immunology/cby George Pinchuk  aNew Delhi bTata McGraw-Hill Publishing Company Limited c2004 a7 West Patel Nagar , New Delhi- 110008 aix, 318p.  aImmunology. aImmune system